Para nacer he nacido

Tallennettuna:
Bibliografiset tiedot
Päätekijä: Neruda, Pablo
Aineistotyyppi: Kirja
Kieli:Undetermined
Julkaistu: Bogotá, Colombia Ediciones Nacionales Círculo de Lectores 1979
Aiheet:
Tagit: Lisää tagi
Ei tageja, Lisää ensimmäinen tagi!

MARC

LEADER 00000nam a2200000Ia 4500
008 170316s9999 xx 000 0 und d
040 |a cru BVZT 
090 |a 860 N-5p 
100 |a Neruda, Pablo 
245 |a Para nacer he nacido 
260 |a Bogotá, Colombia 
260 |b Ediciones Nacionales Círculo de Lectores 
260 |c 1979 
300 |a 374 páginas 
650 |a LITERATURA LATINOAMERICANA 
999 |c 9011  |d 9011 
942 |c 15 D  |h 860 N-5p  |2 z